Interpretation of survey data of soils under rubber. Use of multivariate statistics (Record no. 48593)

MARC details
000 -LEADER
fixed length control field 00549nam a2200181Ia 4500
100 ## - MAIN ENTRY--AUTHOR NAME
Personal name Rao D V K N
245 #0 - TITLE STATEMENT
Title Interpretation of survey data of soils under rubber. Use of multivariate statistics
260 ## - PUBLICATION, DISTRIBUTION, ETC. (IMPRINT)
Name of publisher Journal of the Indian Society of Soil Science
Year of publication 2007
300 ## - PHYSICAL DESCRIPTION
Number of Pages 99-104
650 ## - SUBJECT ADDED ENTRY--TOPICAL TERM
Topical Term Cluster analysis
650 ## - SUBJECT ADDED ENTRY--TOPICAL TERM
Topical Term Factor analysis
650 ## - SUBJECT ADDED ENTRY--TOPICAL TERM
Topical Term Multivariate statistics
650 ## - SUBJECT ADDED ENTRY--TOPICAL TERM
Topical Term Soil survey data
700 ## - ADDED ENTRY--PERSONAL NAME
Personal name Karthikakuttyamma M
700 ## - ADDED ENTRY--PERSONAL NAME
Personal name Punnoose K I
942 ## - ADDED ENTRY ELEMENTS (KOHA)
Koha item type Bibliography STAF
Holdings
Withdrawn status Lost status Damaged status Not for loan Home library Current library Shelving location Date acquired Serial Enumeration / chronology Koha item type
      Bibliography RRII Library RRII Library Agronomy 17/09/2008 Volume 55, Issue 2 Bibliography STAF